| 000 | 01686nam0a22003251 4500 | ||
|---|---|---|---|
| 001 | RU\NLR\19V\927333 | ||
| 005 | 20260407212337.0 | ||
| 035 | _a(NLR Aleph) 010349790 | ||
| 090 |
_a10741159 _c10741159 |
||
| 100 | _a20100326d1801 u y0rusy50 ca | ||
| 101 | 0 | _arus | |
| 102 | _aRU | ||
| 105 | _ay z ||||| | ||
| 200 | 1 | _aКонвенция между Империею Всероссийскою и Портою Оттоманскою о Республике седьми соединенных островов, заключенная в Константинополе 21 марта 1800 года | |
| 210 |
_aВ Санктпетербурге _cпечатана в Императорской типографии _d1801 |
||
| 215 |
_a12 с. _d2° (32 см) |
||
| 300 | _aРатифицирована Павлом I в Гатчине 15 авг. 1800 г. | ||
| 321 | 1 | _aСК 1801-1825 3664 | |
| 518 | 1 | _aКонвенция между Империей Всероссийской и Портой Оттоманской о Республике семи соединенных островов, заключенная в Константинополе 21 марта 1800 года | |
| 702 | 0 |
_4570 _8rus _7ca _aПавел _cимператор российский _dI _f1754-1801 _3RU\NLR\AUTH\778886 _9118767 |
|
| 740 | 1 |
_aРоссия _tДоговоры _3RU\NLR\AUTH\889957979 _9412045 |
|
| 741 | 1 |
_aТурция _tДоговоры _3RU\NLR\AUTH\8810141563 _9777899 |
|
| 801 | 0 |
_aRU _bNLR _c20100326 _gpsbo |
|
| 801 | 1 |
_aRU _bNLR _c20100326 _2rusmarc |
|
| 852 |
_aNLR _j140/834(21) |
||
| 852 |
_aNLR _bРЗФ _j18 в. 9/28 (ал.3) |
||
| 942 | _cBOOK | ||
| 980 | 9 | _akprsl | |
| 980 | _aNB | ||